Costa Rica /

El presente documento consta de 4 secciones. En las primeras 3 secciones se analizan las principales políticas y reformas económicas junto a los choques externos experimentados en el período 1990-2008, la situación del mercado laboral así como el sistema de protección social costarricense. La última...

Full beskrivning

Sparad:
Bibliografiska uppgifter
Huvudupphovsman: Sánchez, Marco V.
Övriga upphovsmän: Sauma, Pablo
Materialtyp: Text
Ämnen:
Taggar: Lägg till en tagg
Inga taggar, Lägg till första taggen!

MARC

LEADER 00000 a a2200000 04500
001 43569
003
040
100 |a Sánchez, Marco V.  
245 |a Costa Rica /  |c Marco V. Sánchez ; Pablo Sauma  
520 |a El presente documento consta de 4 secciones. En las primeras 3 secciones se analizan las principales políticas y reformas económicas junto a los choques externos experimentados en el período 1990-2008, la situación del mercado laboral así como el sistema de protección social costarricense. La última sección es completamente analítica, concentrándose en los resultados de distintas simulaciones para comprender de manera más precisa y cuantificable la influencia que las políticas públicas y de protección social pueden tener en aminorar los impactos desfavorables de choques externos.  
590 |a RRH/AGOSTO2012  
650 |a MERCADO DE TRABAJO  
650 |a PROTECCION SOCIAL  
650 |a ECONOMIA  
650 |a POLITICA GUBERNAMENTAL  
650 |a COSTA RICA  
700 |a Sauma, Pablo  
773 |g páginas 263-315 : tablas, gráficos  
999 |c 24800  |d 24800